Sensō no keizaigaku /
Saved in:
| Main Author: | |
|---|---|
| Format: | Book |
| Language: | Japanese English |
| Published: |
Tōkyō :
Nihon Hyōronsha,
Shōwa 17 [1942]
|
| Subjects: | |
| Tags: |
Add Tag
No Tags, Be the first to tag this record!
|
| LEADER | 00952nam a2200265 a 4500 | ||
|---|---|---|---|
| 001 | 007748410-X | ||
| 005 | 20024617120653.0 | ||
| 008 | 940603s1942 ja b 000 0 jpn d | ||
| 035 | 0 | |a ocm30539474 | |
| 040 | |a NcD |c NcD |d *YNH* |d CStRLIN | ||
| 041 | 1 | |a jpn |h eng | |
| 100 | 1 | |a Mendershausen, Horst. | |
| 240 | 1 | 0 | |a Economics of war. |l Japanese |
| 245 | 1 | 0 | |6 880-01 |a Sensō no keizaigaku / |c Menderusuhauzen cho ; Minami Kinji yaku. |
| 260 | |6 880-02 |a Tōkyō : |b Nihon Hyōronsha, |c Shōwa 17 [1942] | ||
| 300 | |a 3, 2, 5, 304, 6 p. ; |c 21 cm. | ||
| 500 | |a Original title: The economics of war. | ||
| 500 | |6 880-03 |a Furoku: Tōkeihyō. | ||
| 504 | |a Includes bibliographical references. | ||
| 650 | 0 | |a War |x Economic aspects. | |
| 880 | 1 | 0 | |6 245-01 |a 戰爭の經濟學 / |c メンデルスハウゼン著; 南謹二譯. |
| 880 | |6 260-02 |a 東京 : |b 日本評論社, |c 昭和17 [1942] | ||
| 880 | |6 500-03 |a 附錄: 統計表. | ||
| 988 | |a 20021217 | ||
| 906 | |0 OCLC | ||


